000 00292 a2200133 4500
001 153908
040 _cEscola São Tomás de Aquino
240 1 0 _aBambi
_lpor
245 1 0 _aBambi
362 0 _a2010
440 1 _aDifusão Cultural do Livro
697 _a*LITERATURA INFANTIL
942 _cBK
999 _c153908
_d153908